| 000 | 00560nam a2200193 a 4500 | ||
|---|---|---|---|
| 001 | 000015542 | ||
| 005 | 20200929164054.0 | ||
| 008 | 100212s2009 dr ac 000 0 spa d | ||
| 020 | _a9789945163216 | ||
| 040 | _aDO-SdBNP | ||
| 082 |
_axxx _bL563d |
||
| 100 | 1 |
_aLeón, Enrique de _92049 |
|
| 245 | 1 | 0 |
_a7 días con el pueblo / _cEnrique de León ; presentación Noris Decena. |
| 246 | 1 | _aSiete días con el pueblo | |
| 260 |
_aSanto Domingo : _bBúo, _c2009. |
||
| 300 |
_a33 p. : _bil., retr ; _c22 cm. |
||
| 700 | 1 |
_aDecena, Noris _935081 |
|
| 049 | _aBNPD | ||
| 999 |
_c15098 _d15098 |
||